Veľa smiechu - menej zamyslenia

Podrobná bibliografia
Médium: Článok
Jazyk:slovenčina
Predmet:

MARC

LEADER 00000nab a2200000 ar4500
001 vtls010096651
003 SK-MaSNL
005 20260303194026.0
008 100518c1973 xo |r|p|||||||000 b|slo
015 |a SNBRB1973 
038 |a SNKBUCL 
040 |a SNKBUCL  |b slo  |c SNKBUCL  |e AACR2 
041 |a slo 
044 |a xo  |c SK 
080 |a 792.2  |2 2001 
245 0 0 |a Veľa smiechu - menej zamyslenia  |c [autor] -lp- 
600 1 7 |a Strahl, Rudi,  |d 1931-2001  |t Prípad Adama a Evy  |2 snkbucl  |9 117566 
610 2 7 |a Divadlo Nová scéna  |2 snkbucl  |9 228251 
650 0 7 |a divadelné inscenácie  |2 snkbucl  |9 3326 
655 7 |a recenzie  |2 snkbucl  |9 21907 
773 0 |t Večerník  |g (3.7.1973), s. 5 
852 |a SNK  |b KIS3GCP 
958 |a RC 
999 |c 2155299  |d 2157229